Teoría y Experiencia

Gespeichert in:
Bibliographische Detailangaben
1. Verfasser: Stegmuller, Wolfgang
Format: Buch
Sprache:Undetermined
Veröffentlicht: Barcelona, España Editorial Ariel 1979
Schlagworte:
Tags: Tag hinzufügen
Keine Tags, Fügen Sie den ersten Tag hinzu!

MARC

LEADER 00000nam a2200000Ia 4500
008 170316s9999 xx 000 0 und d
090 |a 100 S-63t 
100 |a Stegmuller, Wolfgang 
245 |a Teoría y Experiencia 
260 |a Barcelona, España 
260 |b Editorial Ariel 
260 |c 1979 
300 |a 546 páginas 
650 |a FILOSOFÍA 
650 |a EPISTEMOLOGÍA 
999 |c 17698  |d 17698 
040 |a cru BVZT 
942 |c 15 D  |h 100 S-63t  |2 z